000 00517nam a2200181Ia 4500
003 GCL
008 140319s9999 xx 000 0 eng d
040 _aGCL /
_cGCL
082 0 4 _a372.41
_bF L
100 1 _aFIELDS, MARYORISE
245 1 0 _aLETS BEGIN READINY RIGHT: DEVELOPMENTALLY APPRIATE BEYINNING LAERACY /
_cFIELDS, MARYORISE
260 _aنيويورك :
_bMOCMILLAN PUBLISHING COMPY ،
_c1990
300 _a ؛
_c22 cm.
650 0 4 _aREAING
650 0 4 _aLAYUYE
650 0 4 _aCHILDREN
942 _2ddc
_cBK
999 _c12622
_d12622